000 00413nam a2200145Ia 4500
008 151213s9999 xx 000 0 und d
100 _aDaniel Jones
245 _aAn Outline OF English Phonetics
_cDaniel Jones
260 _aCambridege England.
_bW.Heffer and Sons Ltd.
_cFirst 1918
300 _a8865 p.
650 _aEnglish Literature
650 _aEnglish Literature
700 _aDaniel Jones
999 _c4650
_d4650